<?xml version="1.0" encoding="UTF-8"?>
<record
    xmlns:xsi="http://www.w3.org/2001/XMLSchema-instance"
    xsi:schemaLocation="http://www.loc.gov/MARC21/slim http://www.loc.gov/standards/marcxml/schema/MARC21slim.xsd"
    xmlns="http://www.loc.gov/MARC21/slim">

  <leader>02015nam a2200349 a 4500</leader>
  <controlfield tag="001">000043523</controlfield>
  <controlfield tag="005">20260428073714.0</controlfield>
  <controlfield tag="008">140324d2013    dr     d      000 0 spa d</controlfield>
  <datafield tag="020" ind1=" " ind2=" ">
    <subfield code="a">9789945412895</subfield>
  </datafield>
  <datafield tag="040" ind1=" " ind2=" ">
    <subfield code="a">DO-SdBNP</subfield>
    <subfield code="b">spa</subfield>
    <subfield code="c">BNPHU</subfield>
  </datafield>
  <datafield tag="082" ind1=" " ind2=" ">
    <subfield code="a">070.44</subfield>
    <subfield code="b">P925f, 2012</subfield>
  </datafield>
  <datafield tag="111" ind1="2" ind2=" ">
    <subfield code="a">Premios FUNGLODE de periodismo Rafael Herrera</subfield>
    <subfield code="d">(2013 :</subfield>
    <subfield code="c">Santo Domingo)</subfield>
    <subfield code="9">71252</subfield>
  </datafield>
  <datafield tag="245" ind1="1" ind2="3">
    <subfield code="a">La realidad de los dominicanos en Puerto Rico y otros temas period&#xED;sticos /</subfield>
    <subfield code="c">Senabri Silvestre, &#xC1;ngel Garc&#xED;a, Doris Pantale&#xF3;n , Wanda M&#xE9;ndez, Lery Laura Pi&#xF1;a, Kathia Hern&#xE1;ndez.</subfield>
  </datafield>
  <datafield tag="260" ind1=" " ind2=" ">
    <subfield code="a">Santo Domingo :</subfield>
    <subfield code="b">FUNGLODE,</subfield>
    <subfield code="c">2013.</subfield>
  </datafield>
  <datafield tag="300" ind1=" " ind2=" ">
    <subfield code="a">90 p. ;</subfield>
    <subfield code="c">23 cm.</subfield>
  </datafield>
  <datafield tag="490" ind1="1" ind2=" ">
    <subfield code="a">Premios Funglode/GFDD 2012</subfield>
  </datafield>
  <datafield tag="505" ind1="0" ind2=" ">
    <subfield code="g">Primer lugar</subfield>
    <subfield code="t">La realidad de los dominicanos en Puerto Rico ; y otros temas period&#xED;sticos /</subfield>
    <subfield code="r">Senabri Silvestre</subfield>
    <subfield code="g">Segundo lugar</subfield>
    <subfield code="t">Mi barrio en letras /</subfield>
    <subfield code="r">&#xC1;ngel Garc&#xED;a</subfield>
    <subfield code="g">Tercer lugar --</subfield>
    <subfield code="t">En la mira de la justicia /</subfield>
    <subfield code="r">Doris Pantale&#xF3;n y Wanda M&#xE9;ndez</subfield>
    <subfield code="g">Menci&#xF3;n especial --</subfield>
    <subfield code="t">Dominicanos viven el drama de la Espa&#xF1;a de los desempleados /</subfield>
    <subfield code="r">Lery Laura Pi&#xF1;a</subfield>
    <subfield code="g">Menci&#xF3;n especial --</subfield>
    <subfield code="t">&#xBF;De qu&#xE9; vive la gente a orilla del Ozama? /</subfield>
    <subfield code="r">Kathia Hern&#xE1;ndez</subfield>
  </datafield>
  <datafield tag="586" ind1=" " ind2=" ">
    <subfield code="a">Premios Funglode de periodismo Rafael Herrera</subfield>
  </datafield>
  <datafield tag="650" ind1=" " ind2="0">
    <subfield code="a">Ensayos dominicanos</subfield>
    <subfield code="9">65</subfield>
  </datafield>
  <datafield tag="650" ind1=" " ind2="4">
    <subfield code="a">Period&#xED;smo</subfield>
    <subfield code="z">Rep&#xFA;blica Dominicana</subfield>
    <subfield code="9">36</subfield>
  </datafield>
  <datafield tag="650" ind1=" " ind2="0">
    <subfield code="a">Literatura dominicana.</subfield>
    <subfield code="9">67</subfield>
  </datafield>
  <datafield tag="650" ind1=" " ind2="0">
    <subfield code="a">Premios literarios </subfield>
    <subfield code="9">1542</subfield>
  </datafield>
  <datafield tag="650" ind1=" " ind2="4">
    <subfield code="a">Cert&#xE1;menes literarios</subfield>
    <subfield code="9">1541</subfield>
  </datafield>
  <datafield tag="700" ind1="1" ind2="2">
    <subfield code="a">Silvestre, Senabri</subfield>
    <subfield code="t">La realidad de los dominicanos en Puerto Rico</subfield>
    <subfield code="9">71253</subfield>
  </datafield>
  <datafield tag="700" ind1="1" ind2="2">
    <subfield code="a">Garc&#xED;a, &#xC1;ngel</subfield>
    <subfield code="t">Mi barrio en letras</subfield>
    <subfield code="9">71254</subfield>
  </datafield>
  <datafield tag="700" ind1="1" ind2="2">
    <subfield code="a">Pantale&#xF3;n, Doris y M&#xE9;ndez, Wanda</subfield>
    <subfield code="t">En la mira de la justicia /</subfield>
    <subfield code="9">71255</subfield>
  </datafield>
  <datafield tag="700" ind1="1" ind2="2">
    <subfield code="a">Pi&#xF1;a, Lery Laura</subfield>
    <subfield code="t">Dominicanos viven el drama de la Espa&#xF1;a de los desempleados</subfield>
    <subfield code="9">71256</subfield>
  </datafield>
  <datafield tag="700" ind1="1" ind2="2">
    <subfield code="a">Hern&#xE1;ndez, Kathia</subfield>
    <subfield code="t">&#xBF;De qu&#xE9; vive la gente a orilla del Ozama? /</subfield>
    <subfield code="9">71257</subfield>
  </datafield>
  <datafield tag="710" ind1="2" ind2="2">
    <subfield code="a">Fundaci&#xF3;n Global Democrac&#xED;a y Desarrollo</subfield>
    <subfield code="9">25477</subfield>
  </datafield>
  <datafield tag="830" ind1=" " ind2="0">
    <subfield code="a">Premios Funglode/GFDD 2012</subfield>
    <subfield code="9">71258</subfield>
  </datafield>
  <datafield tag="910" ind1=" " ind2=" ">
    <subfield code="a">Validado. Control de calidad MFF</subfield>
  </datafield>
  <datafield tag="952" ind1=" " ind2=" ">
    <subfield code="0">0</subfield>
    <subfield code="1">0</subfield>
    <subfield code="5">4</subfield>
    <subfield code="7">0</subfield>
    <subfield code="8">DS</subfield>
    <subfield code="a">GR</subfield>
    <subfield code="b">GR</subfield>
    <subfield code="c">HD</subfield>
    <subfield code="d">2014-03-24</subfield>
    <subfield code="i">LF1</subfield>
    <subfield code="l">0</subfield>
    <subfield code="o">070.44 P925f, 2012</subfield>
    <subfield code="p">43523-30</subfield>
    <subfield code="r">2020-06-25</subfield>
    <subfield code="t">e. 3</subfield>
    <subfield code="w">2020-06-25</subfield>
    <subfield code="y">LFDS</subfield>
    <subfield code="Z">Pr&#xE9;stamo en sala</subfield>
  </datafield>
  <datafield tag="952" ind1=" " ind2=" ">
    <subfield code="0">0</subfield>
    <subfield code="1">0</subfield>
    <subfield code="7">1</subfield>
    <subfield code="8">PD</subfield>
    <subfield code="a">PD</subfield>
    <subfield code="b">PD</subfield>
    <subfield code="c">HD</subfield>
    <subfield code="d">2014-03-24</subfield>
    <subfield code="i">LF1</subfield>
    <subfield code="l">0</subfield>
    <subfield code="o">070.44 P925f, 2012</subfield>
    <subfield code="p">43523-10</subfield>
    <subfield code="r">2020-06-25</subfield>
    <subfield code="w">2020-06-25</subfield>
    <subfield code="y">LFPD</subfield>
    <subfield code="Z">No se presta</subfield>
  </datafield>
  <datafield tag="952" ind1=" " ind2=" ">
    <subfield code="0">0</subfield>
    <subfield code="1">0</subfield>
    <subfield code="7">1</subfield>
    <subfield code="8">PD</subfield>
    <subfield code="a">PD</subfield>
    <subfield code="b">PD</subfield>
    <subfield code="c">HD</subfield>
    <subfield code="d">2014-03-24</subfield>
    <subfield code="i">LF1</subfield>
    <subfield code="l">0</subfield>
    <subfield code="o">070.44 P925f, 2012</subfield>
    <subfield code="p">43523-20</subfield>
    <subfield code="r">2020-06-25</subfield>
    <subfield code="t">e. 2</subfield>
    <subfield code="w">2020-06-25</subfield>
    <subfield code="y">LFPD</subfield>
    <subfield code="Z">No se presta</subfield>
  </datafield>
  <datafield tag="999" ind1=" " ind2=" ">
    <subfield code="c">43012</subfield>
    <subfield code="d">43012</subfield>
  </datafield>
</record>
